Taron Egerton Movies by Plot Description - Statistics

General Stats
  • This quiz has been taken 23 times
  • The average score is 6 of 12
Answer Stats
Year Description Movie % Correct
2019 Elton John becomes one of the most iconic pop figures ever Rocketman
94%
2014 Spy organization recruits a street kid to stop a twisted tech genius Kingsman: The Secret Service
88%
2023 Video game salesman sets out to bring Russian game to the world Tetris
75%
2015 An unlikely British ski-jumper competes at the 1988 Winter Olympics Eddie the Eagle
63%
2016 Koala drums up business for his theater with a singing competition Sing
63%
2024 Airport security officer races to outsmart a traveler on Christmas Eve Carry-On
44%
2022 Prisoner must elicit a confession from a suspected killer to escape Black Bird
38%
2015 Twin brothers leave their mark on the London underworld in the '60s Legend
38%
2018 Crusader and commander revolt against the corrupt English crown Robin Hood
38%
2018 Group of wealthy boys in '80s LA establishes a scam that turns deadly Billionaire Boys Club
25%
2025 Dad and daughter forge a bond as they run from unrelenting enemies She Rides Shotgun
25%
2014 A nurse in WWI becomes a writer, feminist and pacifist. Testament of Youth
25%
No matching quizzes found
Score Distribution
Percent of People with Each Score
Percentile by Number Answered
Your Score History
You have not taken this quiz